| 000 | 01015nam a2200253Ia 4500 | ||
|---|---|---|---|
| 003 | OSt | ||
| 005 | 20221005110325.0 | ||
| 006 | a|||||r|||| 00| 0 | ||
| 007 | ta | ||
| 008 | 221004b |||||||| |||| 00| 0 hin d | ||
| 020 |
_a9788179752883 (hbk) _c800 |
||
| 024 | _a105930 | ||
| 037 |
_bIN1037, 17/03/2011, Anamika Publishers & Distributors Pvt. Ltd. _cTextual |
||
| 040 |
_aCRL _cCRL _bhin |
||
| 041 |
_2hin _ahin |
||
| 082 | _aV2y7N10, 152Q0 | ||
| 100 | _aकेलकर, इंदुमति | ||
| 245 | 0 |
_aडॉ. राममनोहर लोहिया _b जीवन और दर्शन |
|
| 246 | _aḌaॉ. Rāmamanohar lohiyā: jīvan aur darshana | ||
| 260 |
_aनई दिल्ली _bअनामिका पब्लिर्शस भारत _c2010 |
||
| 300 |
_a519पृ0 _ccm. |
||
| 942 |
_hV2y7N10, 152Q0 _cTEXL _2cc |
||
| 999 |
_c1018455 _d1018455 |
||